[Event "Bayerische EM 2021 - Männer"]
[Site "Schney"]
[Date "2021.08.27"]
[Round "8.5"]
[White "Schatz, Christian"]
[Black "Kocak, Ediz"]
[Result "0-1"]
[WhiteElo "2186"]
[BlackElo "1996"]
[PlyCount "124"]
[EventDate "2021.??.??"]
[WhiteTeam "SC Postbauer-Heng"]
[BlackTeam "SGem 1882 Fürth"]

1. d4 Nf6 2. Nf3 d5 3. Bf4 c5 4. c3 Nc6 5. e3 Qb6 6. b3 Bf5 7. Bd3 Bxd3 8. Qxd3
e6 9. O-O Be7 10. Nbd2 O-O 11. h3 Rfd8 12. a3 Rac8 13. b4 cxd4 14. cxd4 a6 15.
Nb3 Qb5 16. Qb1 b6 17. Rc1 Na7 18. Bc7 Rf8 19. Qb2 Nd7 20. Rc2 Qa4 21. Ne5 Nxe5
22. dxe5 Nb5 23. Bxb6 Rxc2 24. Qxc2 Nxa3 25. Qa2 Qxb4 26. Bc5 Bxc5 27. Nxc5
Qxc5 28. Qxa3 Qxa3 29. Rxa3 Ra8 30. Kf1 g5 31. Ke2 Kf8 32. Ra5 Ke7 33. Kf3 h5
34. Kg3 f6 35. f4 gxf4+ 36. Kxf4 fxe5+ 37. Kxe5 Rg8 38. Rxa6 Rg5+ 39. Kf4 Rxg2
40. Ra7+ Kf6 41. Rh7 Rf2+ 42. Kg3 Rf5 43. Rh6+ Ke7 44. h4 e5 45. Rb6 e4 46. Kg2
Rf3 47. Rb3 Kd6 48. Rc3 Rf8 49. Ra3 Kc5 50. Ra5+ Kc6 51. Ra6+ Kb5 52. Rg6 Rf3
53. Rg5 Kc4 54. Rxh5 Rxe3 55. Rh8 Rf3 56. h5 d4 57. h6 Kd3 58. Rg8 Rf7 59. Rg7
Rf8 60. h7 Rh8 61. Re7 e3 62. Kf1 Kd2 0-1

[Event "Bayerische EM 2021 - Männer"]
[Site "Schney"]
[Date "2021.08.27"]
[Round "8.6"]
[White "Heimrath, Reiner"]
[Black "Köhler, Lukas"]
[Result "0-1"]
[WhiteElo "2170"]
[BlackElo "2102"]
[PlyCount "88"]
[EventDate "2021.??.??"]
[WhiteTeam "SC N-T Nürnberg"]
[BlackTeam "SC Bamberg"]

1. e4 e5 2. d4 exd4 3. Bc4 Nc6 4. Nf3 Nf6 5. O-O Nxe4 6. Re1 d5 7. Nc3 dxc4 8.
Rxe4+ Be6 9. Nxd4 Nxd4 10. Rxd4 Bd6 11. Ne4 O-O 12. Bg5 f6 13. Be3 Qe7 14. Nxd6
cxd6 15. Re4 Qd7 16. Qd2 d5 17. Rd4 a5 18. Re1 Rfe8 19. h4 b5 20. Rf4 Bf7 21.
Rd1 Qc6 22. f3 b4 23. Qf2 Re6 24. Bd4 Rae8 25. Qg3 Qd6 26. Kh2 Kh8 27. c3 Re2
28. cxb4 axb4 29. a3 bxa3 30. bxa3 Rc2 31. Kh1 Ree2 32. Rg1 h5 33. a4 Ra2 34.
Rg4 Qxg3 35. Rxg3 Rxa4 36. Rb1 Re7 37. Bc5 Rd7 38. Bf8 Be6 39. Rb6 Bf5 40. Rb5
c3 41. Rc5 Rc4 42. f4 Rxc5 43. Bxc5 d4 44. Bb4 Rc7 0-1

[Event "Bayerische EM 2021 - Männer"]
[Site "Schney"]
[Date "2021.08.27"]
[Round "8.7"]
[White "Delitzsch, Jürgen"]
[Black "Lohr, Maximilian"]
[Result "1/2-1/2"]
[WhiteElo "2110"]
[BlackElo "2011"]
[PlyCount "66"]
[EventDate "2021.??.??"]
[WhiteTeam "TSV Bindlach"]
[BlackTeam "FC Ergolding"]

1. e4 c5 2. Nf3 d6 3. Bb5+ Nd7 4. c3 Ngf6 5. Qe2 a6 6. Ba4 b5 7. Bc2 Bb7 8. d4
e5 9. O-O Be7 10. Rd1 Qc7 11. a4 cxd4 12. axb5 dxc3 13. Nxc3 axb5 14. Rxa8+
Bxa8 15. Nxb5 Qc6 16. Nc3 O-O 17. Nh4 g6 18. Nf3 Nc5 19. Bg5 Re8 20. Bxf6 Bxf6
21. b4 Nd7 22. Nd5 Bg7 23. Bb3 Nf8 24. Qa2 Qb7 25. Ng5 Ne6 26. Qa4 Rf8 27. Nxe6
fxe6 28. Nc3 Qb6 29. Bxe6+ Kh8 30. Rf1 Qd4 31. Qc2 Qxb4 32. Qd3 Re8 33. Bd5 Qd4
1/2-1/2

[Event "Bayerische EM 2021 - Männer"]
[Site "Schney"]
[Date "2021.08.27"]
[Round "8.8"]
[White "Fuchs, Michael"]
[Black "Steinhauer, Artur"]
[Result "1/2-1/2"]
[WhiteElo "2086"]
[BlackElo "1580"]
[PlyCount "55"]
[EventDate "2021.??.??"]
[WhiteTeam "DJK SF Haselbach"]
[BlackTeam "SC Bavaria Regensburg"]

1. e4 c6 2. Nc3 d5 3. d3 d4 4. Nce2 c5 5. f4 Nc6 6. Nf3 Bg4 7. Ng3 Bxf3 8. Qxf3
e5 9. fxe5 Nxe5 10. Qf5 f6 11. Be2 g6 12. Qe6+ Qe7 13. Qd5 Qf7 14. Qxf7+ Kxf7
15. Bf4 Bd6 16. O-O Kg7 17. c3 Ne7 18. cxd4 cxd4 19. Bd2 Rac8 20. Rac1 Rxc1 21.
Rxc1 Rc8 22. Rxc8 Nxc8 23. Kf2 Nb6 24. Ke1 Na4 25. Bc1 Bb4+ 26. Kd1 Nc5 27. Kc2
Ne6 28. Nf1 1/2-1/2

[Event "Bayerische EM 2021 - Männer"]
[Site "Schney"]
[Date "2021.08.27"]
[Round "8.9"]
[White "GroÃŸhans, Ralf-Michael"]
[Black "Willim, Michael"]
[Result "1-0"]
[WhiteElo "2046"]
[BlackElo "2076"]
[PlyCount "71"]
[EventDate "2021.??.??"]
[WhiteTeam "SG Kuppenheim"]
[BlackTeam "SC Erlangen"]

1. e4 c5 2. Nc3 Nc6 3. g3 g6 4. Bg2 Bg7 5. d3 d6 6. f4 e6 7. Nf3 Nge7 8. Be3
Nd4 9. Qd2 Qa5 10. O-O Rb8 11. Nh4 f5 12. Rae1 b5 13. a3 b4 14. Nb1 Qc7 15. b3
a5 16. a4 O-O 17. Qd1 Bb7 18. Nd2 Rbe8 19. h3 e5 20. Nc4 fxe4 21. fxe5 d5 22.
Nd6 Rd8 23. Nxb7 Qxb7 24. Bxd4 cxd4 25. dxe4 Bxe5 26. Qg4 Rxf1+ 27. Rxf1 Qd7
28. Qf3 Qe6 29. exd5 Nxd5 30. Qe4 Nf6 31. Qd3 Kg7 32. Nf3 Qd6 33. g4 Rc8 34.
Qe2 Re8 35. Qb5 Nd5 36. Qxe8 1-0

[Event "Bayerische EM 2021 - Männer"]
[Site "Schney"]
[Date "2021.08.27"]
[Round "8.10"]
[White "Fuchs, Florian"]
[Black "Böhme, Markus"]
[Result "1/2-1/2"]
[WhiteElo "1766"]
[BlackElo "2114"]
[PlyCount "32"]
[EventDate "2021.??.??"]
[WhiteTeam "DJK SF Haselbach"]
[BlackTeam "SC Uttenreuth"]

1. e4 c6 2. e5 c5 3. Nf3 Nc6 4. Nc3 d5 5. exd6 e5 6. Bb5 Qxd6 7. d3 Bg4 8. h3
Bh5 9. Ne4 Qc7 10. Bxc6+ bxc6 11. Ng3 Bg6 12. Nd2 Nf6 13. O-O Be7 14. Re1 O-O
15. b3 Nd5 16. Bb2 f6 1/2-1/2

[Event "Bayerische EM 2021 - Männer"]
[Site "Schney"]
[Date "2021.08.27"]
[Round "8.11"]
[White "Reimann, Matthias"]
[Black "Homi, Joseph"]
[Result "1-0"]
[WhiteElo "2017"]
[BlackElo "2103"]
[PlyCount "121"]
[EventDate "2021.??.??"]
[WhiteTeam "SK Kriegshaber"]
[BlackTeam "SGem 1882 Fürth"]

1. e4 c6 2. d4 d5 3. e5 Bf5 4. h4 h5 5. Bd3 Bxd3 6. Qxd3 Qa5+ 7. Nd2 Qa6 8. e6
Qxd3 9. exf7+ Kxf7 10. cxd3 Nd7 11. Ngf3 Re8 12. O-O e6 13. Ng5+ Kf6 14. Ndf3
Bd6 15. Re1 Nh6 16. Bd2 e5 17. Bc3 Ng4 18. Re2 Re7 19. Rae1 Rhe8 20. Kf1 Kg6
21. dxe5 Ndxe5 22. Nxe5+ Nxe5 23. Bxe5 Bxe5 24. g3 Bf6 25. Rxe7 Rxe7 26. Rxe7
Bxe7 27. Ne6 Bf6 28. b3 Kf5 29. Nf4 Be5 30. Ne2 c5 31. Kg2 b5 32. Kf3 a6 33.
Ke3 Kg4 34. Ng1 b4 35. Nf3 Bf6 36. Ng1 a5 37. Ne2 Bb2 38. f3+ Kf5 39. Kd2 Be5
40. Ke3 g6 41. d4 cxd4+ 42. Nxd4+ Kf6 43. Ne2 Bd6 44. Kd4 Ke6 45. Kd3 Bc7 46.
Nd4+ Kf6 47. Ne2 Bb6 48. Nf4 Bf2 49. Nxd5+ Kf7 50. g4 Bxh4 51. gxh5 gxh5 52.
Nf4 Kf6 53. Nxh5+ Kg5 54. Ng7 Kf6 55. Ne8+ Ke6 56. Ke4 Bd8 57. Ng7+ Kf6 58. Nf5
Bb6 59. Nd6 Ke6 60. Nc4 Bd8 61. Kd4 1-0

[Event "Bayerische EM 2021 - Männer"]
[Site "Schney"]
[Date "2021.08.27"]
[Round "8.12"]
[White "Kanewski, Josef"]
[Black "Höller, Armin"]
[Result "0-1"]
[WhiteElo "2084"]
[BlackElo "1994"]
[PlyCount "86"]
[EventDate "2021.??.??"]
[WhiteTeam "SK Weiden"]
[BlackTeam "SK Weilheim"]

1. d4 f5 2. e4 fxe4 3. Nc3 Nf6 4. f3 exf3 5. Nxf3 e6 6. Bd3 Nc6 7. a3 Be7 8.
Bg5 a6 9. Qd2 b5 10. Ne4 Bb7 11. O-O O-O 12. Nxf6+ Bxf6 13. c3 Na5 14. Bxf6
gxf6 15. Qh6 Qe7 16. Rae1 Nc4 17. Rf2 Qg7 18. Qf4 Nd6 19. Re3 Kh8 20. Nd2 f5
21. Rg3 Qf6 22. Rh3 Rg8 23. Nf3 Rg7 24. Ne5 Rag8 25. g3 Qe7 26. Kf1 Ne4 27.
Bxe4 Bxe4 28. Ke2 d6 29. Nf3 c5 30. Nd2 Bc2 31. Kf1 e5 32. Qe3 c4 33. Nf3 Bd3+
34. Ke1 exd4 35. Qxe7 Rxe7+ 36. Kd2 dxc3+ 37. bxc3 Rge8 38. Nd4 Re1 39. Rh6 Ra1
40. Re6 Rxe6 41. Nxe6 Rxa3 42. Rf4 Ra2+ 43. Kd1 b4 0-1

[Event "Bayerische EM 2021 - Männer"]
[Site "Schney"]
[Date "2021.08.27"]
[Round "8.13"]
[White "Salvermoser, Bernd"]
[Black "Bunk, Wolfgang"]
[Result "1/2-1/2"]
[WhiteElo "2178"]
[BlackElo "2025"]
[PlyCount "109"]
[EventDate "2021.??.??"]
[WhiteTeam "SK Penzberg"]
[BlackTeam "SC Bavaria Regensburg"]

1. d4 d5 2. c4 c6 3. cxd5 cxd5 4. Nc3 Nf6 5. Nf3 Nc6 6. Bf4 a6 7. e3 Bg4 8. Be2
e6 9. O-O Bd6 10. Bxd6 Qxd6 11. h3 Bh5 12. g4 Bg6 13. Nh4 Ne4 14. Nxe4 Bxe4 15.
f3 Bg6 16. Kg2 Qe7 17. Kg3 O-O 18. Nxg6 fxg6 19. Qb3 Kh8 20. f4 g5 21. fxg5
Qxg5 22. h4 Qe7 23. Qd3 Nb4 24. Rxf8+ Rxf8 25. Qc3 Nc6 26. Rf1 Rxf1 27. Bxf1
Qd6+ 28. Kh3 Qf8 29. Kg2 Qf6 30. h5 g6 31. Be2 gxh5 32. gxh5 Qg5+ 33. Kf1 Qf5+
34. Kg2 Qg5+ 35. Kf1 Qf5+ 36. Ke1 Qb1+ 37. Kf2 Qf5+ 38. Ke1 Qb1+ 39. Kd2 Qxa2
40. e4 Qa5 41. Qxa5 Nxa5 42. exd5 exd5 43. Bf3 Nc4+ 44. Kc3 Kg7 45. Bxd5 Nd6
46. Bc4 a5 47. d5 Kf6 48. h6 Ke5 49. Bd3 Nf7 50. Bxh7 Nxh6 51. Kc4 b6 52. b3
Kd6 53. Be4 Nf7 54. Bg2 Kc7 55. Kd4 1/2-1/2

[Event "Bayerische EM 2021 - Männer"]
[Site "Schney"]
[Date "2021.08.27"]
[Round "8.14"]
[White "Stöckl, Stephan"]
[Black "Brunner, Tobias"]
[Result "1/2-1/2"]
[WhiteElo "2061"]
[BlackElo "1998"]
[PlyCount "30"]
[EventDate "2021.??.??"]
[WhiteTeam "SK Schwandorf"]
[BlackTeam "SC Windischeschenbach"]

1. Nf3 d5 2. c4 c6 3. b3 Nf6 4. Bb2 e6 5. g3 Be7 6. Bg2 O-O 7. O-O Nbd7 8. d3
b6 9. Nc3 Bb7 10. e3 Rc8 11. Qe2 dxc4 12. bxc4 Qc7 13. Rfd1 Rfd8 14. Rab1 Nf8
15. Ba1 Ng6 1/2-1/2

[Event "Bayerische EM 2021 - Männer"]
[Site "Schney"]
[Date "2021.08.27"]
[Round "8.15"]
[White "Sesselmann, Christoph"]
[Black "Schmid, Franz"]
[Result "0-1"]
[WhiteElo "1887"]
[BlackElo "2197"]
[PlyCount "68"]
[EventDate "2021.??.??"]
[WhiteTeam "SK Kulmbach"]
[BlackTeam "SK Passau"]

1. e4 e6 2. d4 d5 3. Nc3 Nf6 4. Bg5 Bb4 5. e5 h6 6. Bd2 Bxc3 7. bxc3 Ne4 8. Bd3
Nxd2 9. Qxd2 c5 10. f4 Qa5 11. Nf3 Nc6 12. c4 dxc4 13. Bxc4 O-O 14. Qxa5 Nxa5
15. Bd3 cxd4 16. Nxd4 Bd7 17. O-O Rac8 18. Rfd1 Ba4 19. Rab1 Rfd8 20. Rb4 Be8
21. Nb3 Nxb3 22. axb3 Bc6 23. Kf2 Kf8 24. c4 Rd4 25. g3 Rcd8 26. Ke2 a5 27. Rb6
Be4 28. Rd6 R8xd6 29. exd6 Bc6 30. c5 Ke8 31. Ra1 Rd5 32. Rxa5 b6 33. Be4 bxa5
34. Bxd5 Bxd5 0-1

[Event "Bayerische EM 2021 - Männer"]
[Site "Schney"]
[Date "2021.08.27"]
[Round "8.16"]
[White "Link, Klaus"]
[Black "Wunder, Stefan"]
[Result "0-1"]
[WhiteElo "1982"]
[BlackElo "2024"]
[PlyCount "84"]
[EventDate "2021.??.??"]
[WhiteTeam "SK Klingenberg"]
[BlackTeam "FC Nordhalben"]

1. e4 e6 2. d4 b6 3. Bd3 Bb7 4. Be3 Nf6 5. Nd2 c5 6. c3 Nc6 7. Ngf3 cxd4 8.
Nxd4 Ne5 9. Bc2 Ba6 10. N2f3 Nc4 11. Bc1 Qc7 12. O-O Ng4 13. Bd3 Qb7 14. Qe2 b5
15. e5 f5 16. h3 Nh6 17. b3 Nb6 18. a4 Qc7 19. axb5 Bb7 20. c4 Nf7 21. Bd2 Bc5
22. Rfe1 O-O 23. b4 Be7 24. Rec1 Nd8 25. Rc2 Kh8 26. Rca2 Nf7 27. h4 Rg8 28.
Rxa7 Bxf3 29. Rxa8 Bxe2 30. Rxg8+ Kxg8 31. Bxe2 Qxe5 32. Bc3 Nh6 33. Ra6 Qc7
34. c5 Bxc5 35. bxc5 Qxc5 36. Bb2 Ng4 37. Bxg4 fxg4 38. g3 g6 39. Ra7 e5 40.
Nb3 Qxb5 41. Ra3 Nc4 42. Ra8+ Kf7 0-1

[Event "Bayerische EM 2021 - Männer"]
[Site "Schney"]
[Date "2021.08.27"]
[Round "8.17"]
[White "Birkholz, Olga"]
[Black "Heimerl, Detlev"]
[Result "1/2-1/2"]
[WhiteElo "2018"]
[BlackElo "1940"]
[PlyCount "151"]
[EventDate "2021.??.??"]
[WhiteTeam "TSV Bindlach"]
[BlackTeam "SF Kirchenlamitz"]

1. e4 d6 2. Nc3 Nf6 3. d4 g6 4. Be2 Bg7 5. Be3 c6 6. h4 h5 7. Nh3 Bxh3 8. Rxh3
Nbd7 9. f4 Qa5 10. Kf1 e5 11. Rg3 Bh6 12. fxe5 dxe5 13. Bxh6 Rxh6 14. Qd2 Rh8
15. dxe5 Qxe5 16. Qg5 Qxg5 17. Rxg5 O-O-O 18. Rd1 Rhe8 19. Bd3 Ng4 20. Ke2 Nde5
21. Rf1 f6 22. Rxg4 Nxg4 23. Bc4 Re7 24. a4 f5 25. Bd3 Rde8 26. Rf4 Nf6 27. Kf3
Ng4 28. g3 fxe4+ 29. Nxe4 Kc7 30. Nf6 Ne5+ 31. Kg2 Rd8 32. Re4 Rf8 33. Nh7 Rxh7
34. Rxe5 Rf6 35. Rg5 Rg7 36. b3 Kd6 37. g4 Rf4 38. gxh5 Rxh4 39. hxg6 Rf4 40.
Kg3 Rd4 41. Kf3 Ke6 42. Ke3 Rh4 43. Rg3 Kf6 44. Rf3+ Ke7 45. Kf2 Rh8 46. Ke3
Rd8 47. Be4 Rd6 48. Rg3 Rg8 49. Bd3 Rf6 50. Rg5 Rd6 51. Rg3 b6 52. Rh3 Rg7 53.
Rg3 Rf6 54. Rh3 Kd6 55. Rh5 Re7+ 56. Kd2 Rf2+ 57. Kc3 Rg2 58. b4 Rg3 59. Kd2 a6
60. Rh6 Rg7 61. Rh7 Rxh7 62. gxh7 Rh3 63. b5 cxb5 64. axb5 a5 65. Kc3 Ke5 66.
Kb2 Kd4 67. Kb3 Rh5 68. Kb2 Rh4 69. Bg6 Kc4 70. Bd3+ Kb4 71. c3+ Ka4 72. c4
Rh2+ 73. Kc3 Rh5 74. Bc2+ Ka3 75. Bg6 Rh3+ 76. Bd3 1/2-1/2

[Event "Bayerische EM 2021 - Männer"]
[Site "Schney"]
[Date "2021.08.27"]
[Round "8.18"]
[White "Bratu, Mircea"]
[Black "Bruss, Robert"]
[Result "1/2-1/2"]
[WhiteElo "1715"]
[BlackElo "1800"]
[PlyCount "49"]
[EventDate "2021.??.??"]
[WhiteTeam "SG Schwabing München"]
[BlackTeam "SGem 1882 Fürth"]

1. c4 Nf6 2. g3 c6 3. Nf3 d5 4. d4 dxc4 5. Bg2 b5 6. a4 Bb7 7. Ne5 Nd5 8. e4
Nb6 9. Qf3 Qxd4 10. Nxf7 Rg8 11. e5 N8d7 12. axb5 Nxe5 13. Nxe5 Qxe5+ 14. Qe3
Qxe3+ 15. Bxe3 Nd5 16. bxc6 Bxc6 17. Rxa7 Rxa7 18. Bxa7 e6 19. O-O Kf7 20. Nd2
Bb5 21. Rc1 Nb4 22. Bd4 Nd3 23. Rc2 Ne1 24. Rc1 Nd3 25. Rc2 1/2-1/2

[Event "Bayerische EM 2021 - Männer"]
[Site "Schney"]
[Date "2021.08.28"]
[Round "9.1"]
[White "Schulz, Lukas"]
[Black "Schmid, Roland"]
[Result "1/2-1/2"]
[WhiteElo "2274"]
[BlackElo "2325"]
[PlyCount "89"]
[EventDate "2021.??.??"]
[WhiteTeam "SC Erlangen"]
[BlackTeam "Post Regensburg"]

1. e4 c6 2. d4 d5 3. Nc3 dxe4 4. h3 Nf6 5. g4 h5 6. g5 Nd5 7. Nxe4 Bf5 8. Bg2
e6 9. Ne2 h4 10. O-O Be7 11. f4 Na6 12. c4 Nb6 13. b3 Qc7 14. Be3 Rd8 15. Qe1
c5 16. Qf2 Nb4 17. dxc5 Nc8 18. Nd4 Nd3 19. Qf3 Bxe4 20. Qxe4 Nxc5 21. Qf3 Nd6
22. Rad1 Nf5 23. Nxf5 exf5 24. Rxd8+ Qxd8 25. Rd1 Qc8 26. Qd5 O-O 27. Qe5 Re8
28. Bd5 Bf8 29. Qd4 Ne6 30. Qd3 Bc5 31. Bxe6 Bxe3+ 32. Qxe3 Rxe6 33. Qxa7 Qc7
34. Qd4 Kh7 35. Qf2 Re4 36. Qxh4+ Kg6 37. Rf1 Qd6 38. Qf2 Qd3 39. Qg2 Qe3+ 40.
Kh1 Rxf4 41. Rxf4 Qxf4 42. Qxb7 Qf1+ 43. Kh2 Qf4+ 44. Kh1 Qf1+ 45. Kh2 1/2-1/2

[Event "Bayerische EM 2021 - Männer"]
[Site "Schney"]
[Date "2021.08.28"]
[Round "9.2"]
[White "Köhler, Lukas"]
[Black "Miller, Eduard"]
[Result "0-1"]
[WhiteElo "2102"]
[BlackElo "2380"]
[PlyCount "118"]
[EventDate "2021.??.??"]
[WhiteTeam "SC Bamberg"]
[BlackTeam "SC Erlangen"]

1. e4 c5 2. Nf3 Nc6 3. d4 cxd4 4. Nxd4 e5 5. Nb5 a6 6. Nd6+ Bxd6 7. Qxd6 Qe7 8.
Qxe7+ Ngxe7 9. c4 Nb4 10. Kd1 d6 11. Bd2 Nbc6 12. Nc3 f5 13. Bd3 Be6 14. b3
O-O-O 15. f3 f4 16. Nd5 g5 17. h3 h5 18. Bc3 g4 19. hxg4 hxg4 20. Ke2 Ng6 21.
b4 Nh4 22. b5 Nb8 23. Nxf4 exf4 24. Bxh8 Rxh8 25. fxg4 Nd7 26. bxa6 bxa6 27.
Raf1 Bxg4+ 28. Kd2 f3 29. gxf3 Nxf3+ 30. Ke3 Rxh1 31. Rxh1 Nfe5 32. Be2 Be6 33.
Rh6 Nc5 34. Kd4 Kc7 35. Rh7+ Kb6 36. Rh1 Nc6+ 37. Ke3 a5 38. Rb1+ Kc7 39. a3 a4
40. Rg1 Ne5 41. Kd4 Kc6 42. Rh1 Nb3+ 43. Kc3 Kc5 44. Rh7 Bd7 45. Bd3 Nc1 46.
Bf1 Bc6 47. Rh4 Nb3 48. Bd3 Nd4 49. Rh5 Ne6 50. Rf5 Bb7 51. Rf6 Ng5 52. Rf8
Nxe4+ 53. Bxe4 Bxe4 54. Rc8+ Bc6 55. Rc7 Nd7 56. Rc8 Nb6 57. Rh8 Nxc4 58. Rh4
Nxa3 59. Rh5+ d5 0-1

[Event "Bayerische EM 2021 - Männer"]
[Site "Schney"]
[Date "2021.08.28"]
[Round "9.3"]
[White "Kocak, Ediz"]
[Black "Reimann, Sebastian"]
[Result "0-1"]
[WhiteElo "1996"]
[BlackElo "2213"]
[PlyCount "84"]
[EventDate "2021.??.??"]
[WhiteTeam "SGem 1882 Fürth"]
[BlackTeam "SK Kriegshaber"]

1. e4 g6 2. d4 Bg7 3. Nc3 d6 4. Be3 a6 5. a4 b6 6. Nf3 Bb7 7. Bd3 Nc6 8. Ne2
Nb4 9. Bc4 d5 10. exd5 Nf6 11. Ng3 Nbxd5 12. Bg5 h6 13. Bc1 O-O 14. O-O e6 15.
Qe2 Qc8 16. b3 Rd8 17. Re1 c5 18. dxc5 Qxc5 19. Ne5 Nc3 20. Qe3 Nfe4 21. Nxe4
Bxe4 22. Qxc5 bxc5 23. f4 Bxc2 24. Be3 Nd5 25. Bxc5 Nxf4 26. Bb6 Rd2 27. Bf1
Bxb3 28. Be3 Bxe5 29. Bxd2 Bxa1 30. Rxa1 g5 31. a5 Bc2 32. g3 Nd5 33. Ra2 Bb3
34. Ra3 Bc2 35. h4 f6 36. Ra2 Be4 37. Rb2 Kf7 38. Rb7+ Kg6 39. Rd7 Rb8 40. hxg5
hxg5 41. Bxa6 Rb2 42. Be1 Rg2+ 0-1

[Event "Bayerische EM 2021 - Männer"]
[Site "Schney"]
[Date "2021.08.28"]
[Round "9.4"]
[White "Ammon, Tobias"]
[Black "Wisnet, Dominic"]
[Result "0-1"]
[WhiteElo "2168"]
[BlackElo "2304"]
[PlyCount "122"]
[EventDate "2021.??.??"]
[WhiteTeam "SV Altensittenbach"]
[BlackTeam "SK Passau"]

1. e4 c5 2. Nf3 d6 3. Bb5+ Bd7 4. Bxd7+ Qxd7 5. O-O g6 6. c3 Bg7 7. d4 d5 8.
exd5 Qxd5 9. dxc5 Qxd1 10. Rxd1 Na6 11. Be3 Rc8 12. Bd4 f6 13. b4 e5 14. Be3
Ne7 15. Na3 Nc7 16. Nc4 O-O 17. Rd7 Ned5 18. Nd6 Rcd8 19. Rxd8 Rxd8 20. Nxb7
Rb8 21. Na5 Nxc3 22. Nc6 Rb7 23. a4 a6 24. Bd2 N3d5 25. g3 Ne6 26. Rc1 Bf8 27.
Rc4 Kf7 28. Ne1 Rc7 29. Na5 Nd4 30. Kg2 Rc8 31. Nc2 Nxc2 32. Rxc2 Ke6 33. Rb2
f5 34. Nc4 Rb8 35. Kf1 Be7 36. Ke2 g5 37. h3 h5 38. Kd3 e4+ 39. Kc2 f4 40. gxf4
gxf4 41. Rb1 Kf5 42. Bc3 Bxc5 43. bxc5 Rxb1 44. Kxb1 Nxc3+ 45. Kc2 Ne2 46. Kd2
Nd4 47. Kc3 Nc6 48. Nd6+ Ke5 49. Kc4 Nd8 50. h4 f3 51. Kc3 Nc6 52. Kd2 Kf4 53.
Nc4 Nd4 54. Na5 e3+ 55. fxe3+ Kg3 56. exd4 f2 57. Nc4 f1=Q 58. Kc3 Qa1+ 59. Kd3
Qxa4 60. d5 Qd1+ 61. Nd2 Kf2 0-1

[Event "Bayerische EM 2021 - Männer"]
[Site "Schney"]
[Date "2021.08.28"]
[Round "9.5"]
[White "Lohr, Maximilian"]
[Black "Großhans, Ralf-Michael"]
[Result "1-0"]
[WhiteElo "2011"]
[BlackElo "2046"]
[PlyCount "83"]
[EventDate "2021.??.??"]
[WhiteTeam "FC Ergolding"]
[BlackTeam "SG Kuppenheim"]

1. e4 Nf6 2. e5 Nd5 3. d4 d6 4. Nf3 dxe5 5. Nxe5 c6 6. c4 Nf6 7. Nc3 g6 8. Be2
Bg7 9. O-O O-O 10. Bf4 Be6 11. Qd2 Nbd7 12. Nf3 Nb6 13. b3 Bg4 14. Rad1 e6 15.
Bh6 Re8 16. Bxg7 Kxg7 17. Qf4 Bxf3 18. Bxf3 Qb8 19. Qe3 Qc7 20. Rfe1 Rad8 21.
g4 h6 22. h4 Rh8 23. Be2 h5 24. g5 Ng4 25. Bxg4 hxg4 26. Qg3 Qc8 27. Ne4 Nd7
28. Nd6 Qb8 29. c5 Rh5 30. Re4 Rdh8 31. Rxg4 R8h7 32. Rf4 Kg8 33. Rd3 e5 34.
dxe5 Nxc5 35. Rdf3 Ne6 36. Rxf7 Rxh4 37. R3f6 Nd4 38. Rxg6+ Kh8 39. Rxh7+ Rxh7
40. Qg4 c5 41. Rf6 Qg8 42. g6 1-0

[Event "Bayerische EM 2021 - Männer"]
[Site "Schney"]
[Date "2021.08.28"]
[Round "9.6"]
[White "Löw, Gerald"]
[Black "Fuchs, Michael"]
[Result "1-0"]
[WhiteElo "2166"]
[BlackElo "2086"]
[PlyCount "49"]
[EventDate "2021.??.??"]
[WhiteTeam "TSV Bindlach"]
[BlackTeam "DJK SF Haselbach"]

1. c4 e6 2. e4 d5 3. exd5 exd5 4. cxd5 Nf6 5. Bb5+ Nbd7 6. Nc3 Be7 7. Nf3 O-O
8. O-O Nb6 9. d4 Nbxd5 10. h3 Bf5 11. Bd3 Bxd3 12. Qxd3 c5 13. dxc5 Bxc5 14.
Bg5 h6 15. Rad1 hxg5 16. Nxd5 g4 17. hxg4 Nxg4 18. Qc4 Bxf2+ 19. Rxf2 Nxf2 20.
Kxf2 Qd6 21. Qh4 Qc5+ 22. Kf1 f6 23. Qh5 Qc4+ 24. Kg1 Rf7 25. Nh4 1-0

[Event "Bayerische EM 2021 - Männer"]
[Site "Schney"]
[Date "2021.08.28"]
[Round "9.7"]
[White "Höller, Armin"]
[Black "Delitzsch, Jürgen"]
[Result "1-0"]
[WhiteElo "1994"]
[BlackElo "2110"]
[PlyCount "79"]
[EventDate "2021.??.??"]
[WhiteTeam "SK Weilheim"]
[BlackTeam "TSV Bindlach"]

1. c4 g6 2. g3 Bg7 3. Bg2 e5 4. d3 d6 5. Nc3 Nc6 6. e3 Nge7 7. Nge2 Bf5 8. a3
a5 9. h3 h5 10. O-O Qd7 11. Kh2 O-O 12. f4 Be6 13. e4 f5 14. Nd5 Bf7 15. Rb1
Nxd5 16. cxd5 Ne7 17. fxe5 dxe5 18. Bg5 Nc8 19. Rc1 Nd6 20. Rc5 Be8 21. h4 Rf7
22. Qd2 Qa4 23. Rfc1 fxe4 24. Nc3 Qd4 25. Nxe4 Nxe4 26. dxe4 c6 27. Rxa5 Rxa5
28. Qxa5 Qxb2 29. Qd8 Rf8 30. d6 Bf6 31. Bxf6 Qxc1 32. Be7 Rf2 33. Qxe8+ Kh7
34. Bg5 Rxg2+ 35. Kxg2 Qc2+ 36. Kh3 Qf2 37. Qe7+ Kg8 38. Qf6 Qe1 39. Qxg6+ Kf8
40. Be7# 1-0

[Event "Bayerische EM 2021 - Männer"]
[Site "Schney"]
[Date "2021.08.28"]
[Round "9.8"]
[White "Steinhauer, Artur"]
[Black "Reimann, Matthias"]
[Result "1/2-1/2"]
[WhiteElo "1580"]
[BlackElo "2017"]
[PlyCount "156"]
[EventDate "2021.??.??"]
[WhiteTeam "SC Bavaria Regensburg"]
[BlackTeam "SK Kriegshaber"]

1. e4 c5 2. Nf3 Nc6 3. Bb5 g6 4. Bxc6 bxc6 5. O-O Bg7 6. d3 Nh6 7. e5 O-O 8.
Nc3 Nf5 9. Bf4 Nd4 10. Na4 d6 11. Nxd4 cxd4 12. exd6 exd6 13. Qf3 Qd7 14. b3
Re8 15. Qg3 Bf8 16. Rfe1 Ba6 17. f3 Re6 18. Rxe6 fxe6 19. Re1 c5 20. Nb2 Re8
21. Nd1 e5 22. Bd2 Bg7 23. Nf2 d5 24. f4 exf4 25. Qxf4 Rxe1+ 26. Bxe1 Qe8 27.
Kf1 Qe5 28. Qxe5 Bxe5 29. g3 Kf7 30. Bd2 Bc8 31. Ke2 Kf6 32. Kf3 h5 33. Bf4 g5
34. Bxe5+ Kxe5 35. h4 gxh4 36. gxh4 Bf5 37. Kg3 c4 38. Kf3 Be6 39. Kg3 Bf5 40.
b4 Bd7 41. Nh3 Bxh3 42. Kxh3 Kf4 43. a4 Ke3 44. b5 cxd3 45. cxd3 Kxd3 46. a5
Ke3 47. b6 axb6 48. axb6 d3 49. b7 d2 50. b8=Q d1=Q 51. Qe5+ Kf2 52. Qg3+ Kf1
53. Qf4+ Ke1 54. Qe5+ Kf2 55. Qg3+ Ke2 56. Qe5+ Kf1 57. Qf4+ Ke1 58. Qe5+ Qe2
59. Qxd5 Qg4+ 60. Kh2 Qxh4+ 61. Kg2 Qg4+ 62. Kh2 Kf1 63. Qd3+ Kf2 64. Qd2+ Kf3
65. Qd3+ Kf4 66. Qd4+ Kg5 67. Qe5+ Kg6 68. Qd6+ Kg5 69. Qe5+ Qf5 70. Qxf5+ Kxf5
71. Kh3 Kg5 72. Kh2 Kh4 73. Kg2 Kg4 74. Kh2 h4 75. Kg2 h3+ 76. Kh2 Kh4 77. Kg1
Kg3 78. Kh1 h2 1/2-1/2

[Event "Bayerische EM 2021 - Männer"]
[Site "Schney"]
[Date "2021.08.28"]
[Round "9.9"]
[White "Reis, Gerhard"]
[Black "Fuchs, Florian"]
[Result "0-1"]
[WhiteElo "2223"]
[BlackElo "1766"]
[PlyCount "83"]
[EventDate "2021.??.??"]
[WhiteTeam "SW Nürnberg Süd"]
[BlackTeam "DJK SF Haselbach"]

1. Nf3 c5 2. g3 Nc6 3. d4 cxd4 4. Nxd4 g6 5. c4 Bg7 6. Nc2 Nf6 7. Bg2 O-O 8.
Nc3 d6 9. O-O Be6 10. b3 Qd7 11. Rb1 Bh3 12. Bb2 Bxg2 13. Kxg2 Rfd8 14. e4 Ne8
15. Qd2 Nc7 16. Nd4 Rab8 17. f3 h5 18. h4 b5 19. cxb5 Nxb5 20. Ndxb5 Rxb5 21.
Nd5 Rc8 22. Rbc1 Rbb8 23. Rc2 Bxb2 24. Rxb2 a5 25. Rc1 a4 26. b4 Na7 27. Rxc8+
Nxc8 28. Rc2 Rb7 29. Rc4 Nb6 30. Nxb6 Rxb6 31. a3 Rb5 32. Qc3 f6 33. Rc8+ Kf7
34. Qc6 Qxc6 35. Rxc6 d5 36. Ra6 d4 37. Rxa4 Ke6 38. Kf2 Ke5 39. Ke2 g5 40. Kd3
gxh4 41. f4+ Kd6 42. Ra6+ 0-1